| 000 | 00582nam a2200229Ia 4500 | ||
|---|---|---|---|
| 003 | 0100 | ||
| 005 | 20150817143419.0 | ||
| 008 | 130303s9999 xx 000 0 und d | ||
| 020 | _a0385012926 | ||
| 040 | _cARRUPELIB | ||
| 050 | _aB395.V57 1971 | ||
| 245 | 4 | _aThe philosophy of Socrates | |
| 245 | _ba collection of critical essays | ||
| 260 | _aNew York | ||
| 260 | _bDoubleday Anchor Books | ||
| 300 | _a354p. | ||
| 300 | _b 18cm | ||
| 650 |
_aPHILOSOPHY _918597 |
||
| 650 |
_bPhilosophy _918598 |
||
| 700 |
_aVlastos, Gregory (ed) _918599 |
||
| 942 |
_2lcc _cMONOGRAPH |
||
| 999 |
_c26477 _d26477 |
||